Socios para el progreso: la educación y el sector privado en América Latina y el Caribe
Saved in:
| Hovedforfatter: | |
|---|---|
| Format: | Bog |
| Sprog: | spansk portugisisk |
| Udgivet: |
Nueva York
Jeffrey M. Puryear
1996
|
| Fag: | |
| Tags: |
Tilføj Tag
Ingen Tags, Vær først til at tagge denne postø!
|
MARC
| LEADER | 00000nam a2200000 a 4500 | ||
|---|---|---|---|
| 001 | UCO5635 | ||
| 003 | CL-VaPUC | ||
| 008 | 000908e19960000US |||||||||||||||||spa|d | ||
| 041 | 0 | 7 | |a spa |2 CL-VaPUC |
| 041 | 0 | 7 | |a por |2 CL-VaPUC |
| 082 | 0 | 4 | |a 373.222 |b PUR |2 21 |
| 100 | 0 | |a Puryear, Jeffrey M |e author |9 450347 | |
| 245 | 1 | 0 | |a Socios para el progreso: la educación y el sector privado en América Latina y el Caribe |
| 300 | |a 89 p | ||
| 942 | |c BK | ||
| 945 | |d 20000908 00:00:00 |a rbrito | ||
| 260 | |a Nueva York |b Jeffrey M. Puryear |c 1996 | ||
| 650 | 7 | |a EDUCACION PARTICULAR |2 CL-VaPUC |9 308684 | |
| 650 | 0 | |a Formación profesional de profesores |9 307493 | |
| 650 | 0 | |a Reforma educacional |9 256319 | |
| 650 | 7 | |a DESCENTRALIZACION DE LA EDUCACION |2 CL-VaPUC |9 354913 | |
| 651 | 0 | |a América Latina |9 255027 | |
| 651 | 7 | |a EL ISLAS CARIBES |2 CL-VaPUC |9 353142 | |
| 583 | |a last modification |c 20000908 00:00:00 |k Rodrigo Vera | ||
| 999 | |c 291483 |d 291481 | ||
| 952 | |0 0 |1 0 |4 0 |6 373_222000000000000_PUR_1996 |7 0 |8 P |9 341346 |a BIBEDU |b BIBEDU |c BIBEDU_PB |d 2019-11-20 |i 3644405 |o 373.222 PUR 1996 |p 3644405 |r 2024-01-25 |w 2019-11-20 |y BK |k BME | ||